Statistiques concernant Volants Voitures

Cliquez ici pour prendre le quiz!

Statistiques générales

  • Ce quiz a été pris 84 fois
  • Le résultat moyen est 14 sur 20

Statistiques - réponses

Réponse% Correct
Mercedes
100%
Bmw
95%
Tesla
95%
Audi
94%
Peugeot
94%
Ferrari
89%
Lamborghini
85%
Renault
84%
Bugatti
81%
Porsche
73%
Mini
68%
Rolls Royce
65%
Land Rover
61%
Volkswagen
60%
Cupra
52%
Aston Martin
40%
Volvo
40%
Skoda
34%
Alfa romeo
32%
Opel
24%

Distribution des résultats

Percentile par nombre de réponses

% des personnes avec chaque résultat

Votre développement - résultats

Vous n’avez pas pris ce quiz